000 00247nam a2200097Ia 4500
001 1189946
005 20250827021608.0
008 250824s9999 xx 000 0 und d
245 0 _aSIRA DIŞI MESLEKLER
_cASENA MERİÇ
260 _bYEDİVEREN ÇOCUK
999 _c1189946
_d1189946